<?xml version="1.0" encoding="UTF-8"?><?xml-stylesheet type="text/xsl" href="static/style.xsl"?><OAI-PMH xmlns="http://www.openarchives.org/OAI/2.0/" xmlns:xsi="http://www.w3.org/2001/XMLSchema-instance" xsi:schemaLocation="http://www.openarchives.org/OAI/2.0/ http://www.openarchives.org/OAI/2.0/OAI-PMH.xsd"><responseDate>2026-04-13T14:26:35Z</responseDate><request verb="GetRecord" identifier="oai:www.recercat.cat:10256/18868" metadataPrefix="marc">https://recercat.cat/oai/request</request><GetRecord><record><header><identifier>oai:recercat.cat:10256/18868</identifier><datestamp>2024-05-22T11:26:03Z</datestamp><setSpec>com_2072_452966</setSpec><setSpec>com_2072_2054</setSpec><setSpec>col_2072_452968</setSpec></header><metadata><record xmlns="http://www.loc.gov/MARC21/slim" xmlns:dcterms="http://purl.org/dc/terms/" xmlns:xsi="http://www.w3.org/2001/XMLSchema-instance" xmlns:doc="http://www.lyncode.com/xoai" xsi:schemaLocation="http://www.loc.gov/MARC21/slim http://www.loc.gov/standards/marcxml/schema/MARC21slim.xsd">
   <leader>00925njm 22002777a 4500</leader>
   <datafield ind2=" " ind1=" " tag="042">
      <subfield code="a">dc</subfield>
   </datafield>
   <datafield ind2=" " ind1=" " tag="720">
      <subfield code="a">Busquet Seguí, Cristià</subfield>
      <subfield code="e">author</subfield>
   </datafield>
   <datafield ind2=" " ind1=" " tag="260">
      <subfield code="c">2020-09</subfield>
   </datafield>
   <datafield ind2=" " ind1=" " tag="520">
      <subfield code="a">La mobilitat mecanitzada de les ciutats no sempre ha estat dominada pel transport individual. Hi va haver-hi uns anys que ho va estar pel sistema de transport col·lectiu, de la mà del tramvia, el metro, l’autobús i el troleibús. Encarregats de prestar servei a múltiples viatgers amb orígens i destins diferents. A Espanya, aquesta hegemonia es constata fins a la dècada dels seixanta, quan és rellevat pel vehicle privat. I que significa un abans i un després en el sistema i model de transport, amb la reestructuració del servei del transport col·lectiu i la modificació en els comportaments de la mobilitat en favor dels viatges individuals, representatius de la situació que regna en les ciutats del present. En les següents pàgines ens centrarem en l’Espanya de Franco per copsar aquesta transició del model de transport urbà en les ciutats, a partir d’explicar la transformació del sistema de transport col·lectiu urbà en les ciutats i identificar les principals causes responsables dels canvis que es van produir des d’una triple perspectiva política, econòmica i social</subfield>
   </datafield>
   <datafield ind1="8" ind2=" " tag="024">
      <subfield code="a">http://hdl.handle.net/10256/18868</subfield>
   </datafield>
   <datafield tag="653" ind2=" " ind1=" ">
      <subfield code="a">Transport públic -- Espanya -- Història</subfield>
   </datafield>
   <datafield tag="653" ind2=" " ind1=" ">
      <subfield code="a">Local transit -- Spain -- History</subfield>
   </datafield>
   <datafield tag="653" ind2=" " ind1=" ">
      <subfield code="a">Espanya -- Història -- 1939-1975</subfield>
   </datafield>
   <datafield tag="653" ind2=" " ind1=" ">
      <subfield code="a">Spain -- History -- 1939-1975</subfield>
   </datafield>
   <datafield ind2="0" ind1="0" tag="245">
      <subfield code="a">La mobilitat urbana a l’Espanya de Franco: el transport col·lectiu</subfield>
   </datafield>
</record></metadata></record></GetRecord></OAI-PMH>